00800nam a2200169 4500001000700000003000900007005001700016007000300033008004100036100003800077245026200115260007200377300002200449852002000471999001900491952012000510121015ES-MaACL20230906191653.0t|070214s1912 mx r ||||1| spa d1 aPonce de León, Gregorio.99294813aEl interinato presidencial de 1911 b: obra escrita ... por el licenciado Gregorio Ponce de León, sobre la tarea que realizó el Señor licenciado Don Francisco León de la Barra, como presidente interino de la república / cGregorio Ponce de León. aMéxico : b[s.n.], c1912 (fImpr. de la Secretaría de Fomento) a290 p. ; c22 cm. aES-MaACLjF-672 c121015d121015 00104070aATENEOMbATENEOMcDEPO2d2008-01-17eSCl0oF-672p1126125r2023-02-23 00:00:00w2023-02-23yMONOGRAFIA